<?xml version="1.0" encoding="UTF-8"?>
<record
    xmlns:xsi="http://www.w3.org/2001/XMLSchema-instance"
    xsi:schemaLocation="http://www.loc.gov/MARC21/slim http://www.loc.gov/standards/marcxml/schema/MARC21slim.xsd"
    xmlns="http://www.loc.gov/MARC21/slim">

  <leader>00814nam a22001817a 4500</leader>
  <controlfield tag="005">20210414113926.0</controlfield>
  <controlfield tag="008">120416t        xxu||||| |||| 00| 0 eng d</controlfield>
  <datafield tag="020" ind1=" " ind2=" ">
    <subfield code="a">0273646206</subfield>
  </datafield>
  <datafield tag="050" ind1=" " ind2=" ">
    <subfield code="a">HD 2326.L53</subfield>
  </datafield>
  <datafield tag="100" ind1=" " ind2=" ">
    <subfield code="a">Lipczynski, John</subfield>
  </datafield>
  <datafield tag="245" ind1=" " ind2=" ">
    <subfield code="a">Industrial organization: an analysis of competitive markets /</subfield>
    <subfield code="c">John Lipczynski, John Wilson</subfield>
  </datafield>
  <datafield tag="260" ind1=" " ind2=" ">
    <subfield code="a">New York:</subfield>
    <subfield code="b">Prentice Hall,</subfield>
    <subfield code="c">2001.</subfield>
  </datafield>
  <datafield tag="300" ind1=" " ind2=" ">
    <subfield code="a">x, 477 p.:</subfield>
    <subfield code="b">ill.;</subfield>
    <subfield code="c">25cm.</subfield>
  </datafield>
  <datafield tag="500" ind1=" " ind2=" ">
    <subfield code="a">Includes Index.</subfield>
  </datafield>
  <datafield tag="505" ind1=" " ind2=" ">
    <subfield code="a">Content: Industrial organisation -- Oligopoly -- Collusion -- Concentration -- Barriers to entry -- Market structure and profitability -- Advertising -- Innovation -- Vertical relationships --Diversification -- Competition policy -- Privatisation and regulation.</subfield>
  </datafield>
  <datafield tag="650" ind1=" " ind2=" ">
    <subfield code="a">Industrial organization (Economic theory) </subfield>
  </datafield>
  <datafield tag="942" ind1=" " ind2=" ">
    <subfield code="2">lcc</subfield>
    <subfield code="c">BK</subfield>
  </datafield>
  <datafield tag="999" ind1=" " ind2=" ">
    <subfield code="c">714</subfield>
    <subfield code="d">8214</subfield>
  </datafield>
  <datafield tag="952" ind1=" " ind2=" ">
    <subfield code="0">0</subfield>
    <subfield code="1">0</subfield>
    <subfield code="2">lcc</subfield>
    <subfield code="4">0</subfield>
    <subfield code="7">0</subfield>
    <subfield code="a">WIUC-1</subfield>
    <subfield code="b">WIUC-1</subfield>
    <subfield code="c">GEN</subfield>
    <subfield code="d">2012-04-16</subfield>
    <subfield code="l">0</subfield>
    <subfield code="o">HD 2326.L531</subfield>
    <subfield code="p">1634/12</subfield>
    <subfield code="r">2012-04-16 00:00:00</subfield>
    <subfield code="t">2</subfield>
    <subfield code="w">2012-04-16</subfield>
    <subfield code="y">BK</subfield>
  </datafield>
  <datafield tag="952" ind1=" " ind2=" ">
    <subfield code="0">0</subfield>
    <subfield code="1">0</subfield>
    <subfield code="2">lcc</subfield>
    <subfield code="4">0</subfield>
    <subfield code="7">0</subfield>
    <subfield code="a">WIUC-1</subfield>
    <subfield code="b">WIUC-1</subfield>
    <subfield code="c">GEN</subfield>
    <subfield code="d">2012-04-16</subfield>
    <subfield code="l">0</subfield>
    <subfield code="o">HD 2326.L53</subfield>
    <subfield code="p">1633/12</subfield>
    <subfield code="r">2012-04-16 00:00:00</subfield>
    <subfield code="t">1</subfield>
    <subfield code="w">2012-04-16</subfield>
    <subfield code="y">BK</subfield>
  </datafield>
  <datafield tag="952" ind1=" " ind2=" ">
    <subfield code="0">0</subfield>
    <subfield code="1">0</subfield>
    <subfield code="2">lcc</subfield>
    <subfield code="4">0</subfield>
    <subfield code="7">0</subfield>
    <subfield code="a">WIUC-1</subfield>
    <subfield code="b">WIUC-1</subfield>
    <subfield code="c">GEN</subfield>
    <subfield code="d">2012-04-16</subfield>
    <subfield code="l">0</subfield>
    <subfield code="o">HD 2326.L532</subfield>
    <subfield code="p">1635/12</subfield>
    <subfield code="r">2012-04-16 00:00:00</subfield>
    <subfield code="t">3</subfield>
    <subfield code="w">2012-04-16</subfield>
    <subfield code="y">BK</subfield>
  </datafield>
  <datafield tag="952" ind1=" " ind2=" ">
    <subfield code="0">0</subfield>
    <subfield code="1">0</subfield>
    <subfield code="2">lcc</subfield>
    <subfield code="4">0</subfield>
    <subfield code="7">0</subfield>
    <subfield code="a">WIUC-1</subfield>
    <subfield code="b">WIUC-1</subfield>
    <subfield code="c">GEN</subfield>
    <subfield code="d">2012-04-16</subfield>
    <subfield code="l">0</subfield>
    <subfield code="o">HD 2326.L533</subfield>
    <subfield code="p">1636/12</subfield>
    <subfield code="r">2012-04-16 00:00:00</subfield>
    <subfield code="t">4</subfield>
    <subfield code="w">2012-04-16</subfield>
    <subfield code="y">BK</subfield>
  </datafield>
  <datafield tag="952" ind1=" " ind2=" ">
    <subfield code="0">0</subfield>
    <subfield code="1">0</subfield>
    <subfield code="2">lcc</subfield>
    <subfield code="4">0</subfield>
    <subfield code="7">0</subfield>
    <subfield code="a">WIUC-1</subfield>
    <subfield code="b">WIUC-1</subfield>
    <subfield code="c">GEN</subfield>
    <subfield code="d">2012-04-16</subfield>
    <subfield code="l">0</subfield>
    <subfield code="o">HD 2326.L534</subfield>
    <subfield code="p">1637/12</subfield>
    <subfield code="r">2012-04-16 00:00:00</subfield>
    <subfield code="t">5</subfield>
    <subfield code="w">2012-04-16</subfield>
    <subfield code="y">BK</subfield>
  </datafield>
  <datafield tag="952" ind1=" " ind2=" ">
    <subfield code="0">0</subfield>
    <subfield code="1">0</subfield>
    <subfield code="2">lcc</subfield>
    <subfield code="4">0</subfield>
    <subfield code="7">0</subfield>
    <subfield code="a">WIUC-1</subfield>
    <subfield code="b">WIUC-1</subfield>
    <subfield code="c">GEN</subfield>
    <subfield code="d">2012-04-16</subfield>
    <subfield code="l">0</subfield>
    <subfield code="o">HD 2326.L535</subfield>
    <subfield code="p">1638/12</subfield>
    <subfield code="r">2012-04-16 00:00:00</subfield>
    <subfield code="t">6</subfield>
    <subfield code="w">2012-04-16</subfield>
    <subfield code="y">BK</subfield>
  </datafield>
  <datafield tag="952" ind1=" " ind2=" ">
    <subfield code="0">0</subfield>
    <subfield code="1">0</subfield>
    <subfield code="2">lcc</subfield>
    <subfield code="4">0</subfield>
    <subfield code="7">0</subfield>
    <subfield code="a">WIUC-1</subfield>
    <subfield code="b">WIUC-1</subfield>
    <subfield code="c">GEN</subfield>
    <subfield code="d">2012-04-16</subfield>
    <subfield code="l">0</subfield>
    <subfield code="o">HD 2326.L536</subfield>
    <subfield code="p">1639/12</subfield>
    <subfield code="r">2012-04-16 00:00:00</subfield>
    <subfield code="t">7</subfield>
    <subfield code="w">2012-04-16</subfield>
    <subfield code="y">BK</subfield>
  </datafield>
  <datafield tag="952" ind1=" " ind2=" ">
    <subfield code="0">0</subfield>
    <subfield code="1">0</subfield>
    <subfield code="2">lcc</subfield>
    <subfield code="4">0</subfield>
    <subfield code="7">0</subfield>
    <subfield code="a">WIUC-1</subfield>
    <subfield code="b">WIUC-1</subfield>
    <subfield code="c">GEN</subfield>
    <subfield code="d">2012-04-16</subfield>
    <subfield code="l">0</subfield>
    <subfield code="o">HD 2326.L537</subfield>
    <subfield code="p">1640/12</subfield>
    <subfield code="r">2012-04-16 00:00:00</subfield>
    <subfield code="t">8</subfield>
    <subfield code="w">2012-04-16</subfield>
    <subfield code="y">BK</subfield>
  </datafield>
</record>
